U Refilwe (Record no. 523913)

MARC details
000 -LEADER
fixed length control field 00227nam a2200097Ia 4500
082 ## - DEWEY DECIMAL CLASSIFICATION NUMBER
Classification number NDE KF WANN
008 - FIXED-LENGTH DATA ELEMENTS--GENERAL INFORMATION
fixed length control field 210825s9999 xx 000 0 und d
100 ## - MAIN ENTRY--PERSONAL NAME
Personal name WANNER, Zukiswa
9 (RLIN) 107258
245 #0 - TITLE STATEMENT
Title U Refilwe
942 ## - ADDED ENTRY ELEMENTS
item type Books

No items available.